000 00751nam a22002777a 4500
008 130423b xxu||||| |||| 00| 0 eng d
020 _a0-07-296134-1
024 _cavailable
037 _cavailable
040 _ambstu library
_dmbstu library
082 _222
_a657 PRC
100 _aPrice John Ellis
110 _aM David Haddock and Horace R Brock
245 _a College Accounting
250 _a10th edition
260 _aNew Delhi
_bMac Graw Hill
_c2003
300 _a26 cm
_b946 page
_f1
_g 26 cm
600 _aAccounting
650 _2Accounting
700 _aPrice, John Ellis
710 _a Haddock M David and Brock Horace R
270 _aNew Delhi
_bNew Delhi
_dIndia
365 _b
_d
942 _2ddc
_cBK
999 _c190
_d190